000 00232 a2200097 4500
020 _a9789390075850
100 _aB. K. Harinarayanan
245 _aSivam Subham: a biography of a couple
260 _bCurrent books
_c2025
942 _cOO
999 _c116087
_d116086